Computer science : an overview
Αποθηκεύτηκε σε:
| Κύριοι συγγραφείς: | , |
|---|---|
| Μορφή: | Βιβλίο |
| Γλώσσα: | Unknown English |
| Δημοσίευση: |
Boston :
Pearson,
c2015.
|
| Έκδοση: | 12th ed. |
| Σειρά: | Always learning
|
| Θέματα: | |
| Ετικέτες: |
Προσθήκη ετικέτας
Δεν υπάρχουν, Καταχωρήστε ετικέτα πρώτοι!
|
MARC
| LEADER | 00000nam a2200000 a 4500 | ||
|---|---|---|---|
| 001 | 1/108895 | ||
| 008 | 150925?yyyy####???| ||| |||| ||???|| | ||
| 020 | |a 9781292061160 |q (χαρτόδετο) | ||
| 040 | |a GR-MyUa |b gre |c GR-MyUa |e AACR2 | ||
| 041 | 0 | |a eng | |
| 082 | 7 | |a 004 |2 (23) | |
| 100 | 1 | |a Brookshear, J. Glenn. | |
| 245 | 0 | 0 | |a Computer science : |b an overview / |c J. Glenn Brookshear and Dennis Brylow ; global edition contributions by Manasa S. |
| 250 | |a 12th ed. | ||
| 260 | |a Boston : |b Pearson, |c c2015. | ||
| 300 | |a 640 σ. : |b διαγρ., |c 26 εκ. | ||
| 490 | 1 | |a Always learning | |
| 504 | |a Περιλαμβάνει βιβλιογραφικές παραπομπές και ευρετήριο. | ||
| 650 | 0 | |a Computer science | |
| 700 | 1 | |a Brylow, Dennis, |e aut | |
| 765 | 0 | 8 | |i |
| 830 | 0 | |a Always learning | |
| 922 | |a 2ΕΛΗ |b 201504 |c ΤΑΚ/ΤΝΕΥ |d Δρες | ||
| 970 | |a Σπέντζα |b Ελένη |z 25-09-2015 | ||